000 00468nam a22001697a 4500
005 20180327113936.0
008 160611b xxu||||| |||| 00| 0 eng d
020 _a978-81-203-1141-1
041 _aeng
082 _b6955
_a338.88
100 _aSundaram, Anant K. Black, J. Stewact.
_91713
245 _aThe International Business Environment Text & Cases
260 _aNew Delhi
_bPHI Learning Pvt. Ltd.
300 _a339
650 _aManagement
_9241
942 _cBK
999 _c2420
_d2419